[Event "GER-chT U12"]
[Site "Magdeburg"]
[Date "2023.12.28"]
[Round "3.10"]
[White "Kovalenko, Andrii"]
[Black "Sharma, Devesh"]
[Result "0-1"]
[WhiteElo "1170"]
[BlackElo "1037"]
[PlyCount "166"]
[EventDate "2023.12.26"]
[EventType "team-swiss"]
[EventRounds "7"]
[EventCountry "GER"]
[SourceTitle "CB03_2024"]
[SourceDate "2024.01.17"]
[SourceVersion "1"]
[SourceVersionDate "2024.01.17"]
[SourceQuality "1"]
[WhiteTeam "Brackel"]
[BlackTeam "Trier SG"]
[WhiteTeamCountry "GER"]
[BlackTeamCountry "GER"]

1. e4 e5 2. Nf3 Nc6 3. Bc4 Bc5 4. Nc3 Nf6 5. d3 h6 6. Be3 d6 7. Bxc5 dxc5 8. h3 0-0 9. Qd2 Re8 10. g4 Nd4 11. Nxd4 cxd4 12. Ne2 Nh7 13. 0-0-0 Qf6 14. Kb1 Be6 15. Bxe6 Rxe6 16. Ng3 Qg5 17. Qxg5 Nxg5 18. h4 Nh7 19. g5 hxg5 20. hxg5 Nxg5 21. Rh5 f6 22. Rdh1 Kf7 23. Rh8 Ree8 24. Rxe8 Rxe8 25. Rc1 Rh8 26. c3 dxc3 27. Rxc3 c6 28. Rb3 Rb8 29. Nf5 b6 30. Rc3 g6 31. Ne3 c5 32. Ra3 Rb7 33. Nc4 Ke6 34. Ra6 Rh7 35. Na3 Nf3 36. Kc2 Nd4+ 37. Kc3 f5 38. b4 cxb4+ 39. Kxb4 fxe4 40. dxe4 g5 41. Nc4 Rh2 42. Rxa7 Nc6+ 43. Kb5 Nxa7+ 44. Kxb6 Nc8+ 45. Kc7 Ne7 46. a4 Rxf2 47. Kb7 g4 48. a5 g3 49. Ne3 Rf3 50. Ng2 Rb3+ 51. Ka7 Ng6 52. a6 Nf4 53. Nh4 g2 54. Nxg2 Nxg2 55. Ka8 Ra3 56. a7 Rxa7+ 57. Kxa7 Kd6 58. Kb6 Ne3 59. Kb5 Nd5 60. Kc4 Nf6 61. Kd3 Kc5 62. Ke3 Kc4 63. Kf3 Kd4 64. Kf2 Nxe4+ 65. Ke2 Nc3+ 66. Kf2 e4 67. Ke1 Kd3 68. Kf1 Kd2 69. Kf2 e3+ 70. Kf3 e2 71. Kf4 e1Q 72. Kf5 Qe3 73. Kg4 Qf2 74. Kg5 Qf3 75. Kh4 Qg2 76. Kh5 Qg3 77. Kh6 Qg4 78. Kh7 Qg5 79. Kh8 Ke3 80. Kh7 Ke4 81. Kh8 Kf5 82. Kh7 Kf6 83. Kh8 Qg7# 0-1

[Event "GER-chT U12"]
[Site "Magdeburg"]
[Date "2023.12.27"]
[Round "1.8"]
[White "Sharma, Devesh"]
[Black "Dauerer, Leonhard"]
[Result "0-1"]
[WhiteElo "1037"]
[BlackElo "1074"]
[PlyCount "56"]
[EventDate "2023.12.26"]
[EventType "team-swiss"]
[EventRounds "7"]
[EventCountry "GER"]
[SourceTitle "CB03_2024"]
[SourceDate "2024.01.17"]
[SourceVersion "1"]
[SourceVersionDate "2024.01.17"]
[SourceQuality "1"]
[WhiteTeam "Trier SG"]
[BlackTeam "Kelheim"]
[WhiteTeamCountry "GER"]
[BlackTeamCountry "GER"]

1. e4 e5 2. Nf3 Nc6 3. d4 exd4 4. Bc4 Nf6 5. e5 d5 6. exf6 dxc4 7. 0-0 Be6 8. Qe2 Qd7 9. Ne5 Nxe5 10. Qxe5 Bd6 11. Qe4 0-0-0 12. fxg7 Rhg8 13. Qxh7 f6 14. Bh6 Bf5 15. Qxg8 Rxg8 16. Nd2 Qf7 17. Rfe1 Qh5 18. Nxc4 Qxh2+ 19. Kf1 d3 20. Nxd6+ cxd6 21. f3 Qxh6 22. Re7 Qh1+ 23. Kf2 Qxa1 24. Rf7 Be6 25. Rxf6 Qxa2 26. cxd3 Qxb2+ 27. Kg3 Rxg7+ 28. Kh2 Qxg2# 0-1

[Event "Glasgow op"]
[Site "Glasgow"]
[Date "2023.11.04"]
[Round "2"]
[White "Sharma, Devesh"]
[Black "Jelfs, Alan"]
[Result "1-0"]
[WhiteElo "1492"]
[BlackElo "1765"]
[PlyCount "41"]
[EventDate "2023.11.03"]
[EventType "swiss"]
[EventRounds "5"]
[EventCountry "SCO"]
[SourceTitle "Mega2024 Update 01"]
[Source "Chessbase"]
[SourceDate "2023.11.12"]
[SourceVersion "1"]
[SourceVersionDate "2023.11.12"]
[SourceQuality "1"]

1. e4 e5 2. Nf3 Nc6 3. Nc3 Nf6 4. d4 Bb4 5. Nxe5 Nxe5 6. dxe5 Bxc3+ 7. bxc3 Nxe4 8. Qg4 f5 9. Qxg7 Rf8 10. f3 Rf7 11. Qh6 Qe7 12. fxe4 Qxe5 13. Qe3 fxe4 14. Qd4 Qf5 15. Bc4 d5 16. Rf1 dxc4 17. Rxf5 Bxf5 18. Qe5+ Kd7 19. Bf4 Rc8 20. Rd1+ Kc6 21. Qd5+ 1-0

[Event "Hull 4NCL op-C"]
[Site "Hull"]
[Date "2023.09.09"]
[Round "2"]
[White "Sharma, Devesh"]
[Black "Hara, R Malcolm"]
[Result "1-0"]
[WhiteElo "1494"]
[BlackElo "1616"]
[PlyCount "61"]
[EventDate "2023.09.08"]
[EventType "swiss"]
[EventRounds "5"]
[EventCountry "ENG"]
[SourceTitle "EXT 2024"]
[Source "ChessBase"]
[SourceDate "2023.10.10"]
[SourceVersion "1"]
[SourceVersionDate "2023.10.10"]
[SourceQuality "1"]

1. e4 c5 2. Nf3 g6 3. d4 cxd4 4. Nxd4 Bg7 5. Nc3 Nc6 6. Be3 a6 7. Bc4 d6 8. f3 Nf6 9. Qd2 h5 10. 0-0-0 Na5 11. Bb3 Nxb3+ 12. Nxb3 Bd7 13. Nd5 Nxd5 14. exd5 Rc8 15. Qf2 Bf5 16. Rd2 Qd7 17. Bd4 Bh6 18. f4 0-0 19. h3 Be4 20. Bc3 Qf5 21. Rf1 Bg7 22. Bxg7 Kxg7 23. g4 hxg4 24. hxg4 Qd7 25. Qd4+ f6 26. Qxe4 Rh8 27. Nd4 Kf7 28. Ne6 Qb5 29. Re1 Rc4 30. Nd8+ Ke8 31. Qxe7# 1-0